Gútai kis történetek és lakodalmi szokások

Bibliographic Details
Other Authors: Madarász, Róbert (Compiler), Kürti Zsolt (Illustrator)
Format: Book
Language:Hungarian
Published: Gúta Palkovich Viktor Társulat 2009
Edition:1. kiad.
Series:Gutta cavat lapidem
Subjects:

MARC

LEADER 00000nam a2200000 a 4500
001 vtls010088128
003 SK-MaSNL
005 20260301030710.0
008 180730s2009 xo a g 000 0 hun
015 |a SNBA2010/05-02688 
020 |a 9788097028022  |q (viaz.) 
035 |a 5FE742F8-52B9-4CFB-8945-4112B62CDE95 
035 |a urn:nbn:sk:snk-amljz7 
035 |a urn:nbn:sk:snk-am00bly4 
040 |a SNK  |b slo  |c SNK  |e AACR2 
041 0 |a hun 
044 |a xo  |c SK 
072 7 |a 39  |x Etnológia. Etnografia. Folklór  |2 konspekt 
080 |a 39  |2 2001 
080 |a 392.51  |2 2001 
080 |a (0:82-32)  |2 2001 
245 0 0 |a Gútai kis történetek és lakodalmi szokások  |c [rendezte Madarász Róbert ; illusztrálta: Kürti Zsolt] 
250 |a 1. kiad. 
260 |a Gúta  |b Palkovich Viktor Társulat  |c 2009 
300 |a 69 s.  |b ilustr.  |c 22 cm 
490 1 |a Gutta cavat lapidem 
650 0 7 |a etnografia  |2 SNKPH  |9 950 
650 0 7 |a svadobné zvyky  |2 SNKPH  |9 28054 
651 7 |a Kolárovo (Slovensko)  |2 SNKPH  |9 19149 
655 7 |a príbehy  |2 SNKPH  |9 70507 
700 1 |a Madarász, Róbert  |4 com  |9 324948 
700 1 |a Kürti Zsolt  |4 ill  |9 324949 
752 |a Slovensko  |d Kolárovo 
830 0 |a Gutta cavat lapidem  |9 324950 
919 |a 978-80-970280-2-2 
958 |a HU 
958 |a NM 
958 |a OND 
999 |c 575021  |d 576951 
952 |a SNK  |b SNK  |y PREZ  |7 0  |p 17A0657488  |o snkSC 139898  |i snk2010/7863  |8 0  |0 0  |1 0  |4 0  |d 2010-04-23  |f 1  |l 0  |r 2025-07-08 00:00:00  |w 2026-02-23